Państwa, których nazwy mają też inne znaczenia - Statystyki

Ogólne statystyki
  • Ten quiz został rozwiązany 6 104 razy
  • Średni wynik to 6 z 15
Statystyki odpowiedzi
Podpowiedź Państwo % Poprawnych
Inaczej nieżyt nosa Katar
83%
Popularna wódka Finlandia
65%
Inaczej tlenek węgla Czad
64%
Zgrubienie nazwy części ciała,tworu naskórka; także dzielnica Warszawy Włochy
54%
Imię żeńskie Dominika
52%
Zdrobnienie imienia męskiego Kuba
51%
Potrawy, posiłki Dania
46%
Np. gazowe; takżedolne jamy serca Komory
43%
Seria pełnometrażowych filmówanimowanych z m.in. Królem Julianem Madagaskar
37%
Niewielka dzielnicai jezioro w Poznaniu Malta
36%
Zamieszanie, bałagan, nieład Meksyk / Kongo
21%
Rodzaj kapelusza Panama
21%
Miasto w południowej Hiszpanii Grenada
20%
Rodzaj gier komputerowych,filmów oraz muzyki Indie
14%
Dawna brytyjska moneta Gwinea
6%
Nie znaleziono quizów pasujących do podanych kryteriów
Rozkład punktacji
Procent ludzi z każdym wynikiem
Percentyl według liczby udzielonych odpowiedzi
Twoja historia wyników
Nie rozwiązałeś tego quizu